[Event "Euskadi-chT (Vasca) Div Honor"]
[Site "Bergara"]
[Date "2018.01.27"]
[Round "3.1"]
[White "Iruzubieta Villaluenga, Jesus Maria"]
[Black "Garrido Lasheras, David"]
[Result "1-0"]
[WhiteElo "2426"]
[BlackElo "2064"]
[PlyCount "61"]
[EventDate "2018.01.13"]
[EventType "team-tourn"]
[EventRounds "9"]
[EventCountry "ESP"]
[SourceTitle "EXT 2020"]
[Source "ChessBase"]
[SourceDate "2019.10.17"]
[SourceVersion "1"]
[SourceVersionDate "2019.10.17"]
[SourceQuality "1"]
[WhiteTeam "Sestao"]
[BlackTeam "Santa Ana"]
[WhiteTeamCountry "ESP"]
[BlackTeamCountry "ESP"]

1. e4 c5 2. Nf3 d6 3. d4 cxd4 4. Nxd4 Nf6 5. Nc3 g6 6. g3 Bg7 7. Bg2 0-0 8. 0-0 Nc6 9. Nde2 Bd7 10. h3 Rc8 11. Be3 Qa5 12. Nd5 Rfe8 13. a4 Nb4 14. c3 Nbxd5 15. exd5 Bf5 16. Bd4 a6 17. Re1 Qc7 18. Nf4 Rb8 19. a5 Bd7 20. Re3 Bh6 21. Bb6 Qc8 22. Qd4 Bxf4 23. Qxf4 Nh5 24. Qh4 e5 25. dxe6 Rxe6 26. Rxe6 Bxe6 27. Ba7 Ra8 28. Bd4 Qd7 29. Bf3 Qd8 30. Qxd8+ Rxd8 31. Bxb7 1-0

[Event "Euskadi-chT (Vasca) Div 1st"]
[Site "Bergara"]
[Date "2017.01.21"]
[Round "2.3"]
[White "Alvarado Fernandez, Mikel"]
[Black "Garrido Lasheras, David"]
[Result "0-1"]
[WhiteElo "1868"]
[BlackElo "2084"]
[PlyCount "80"]
[EventDate "2017.01.14"]
[EventType "team-tourn"]
[EventRounds "9"]
[EventCountry "ESP"]
[SourceTitle "EXT 2024"]
[Source "ChessBase"]
[SourceDate "2023.10.10"]
[SourceVersion "1"]
[SourceVersionDate "2023.10.10"]
[SourceQuality "1"]

1. d4 b6 2. Nf3 Bb7 3. Bf4 e6 4. e3 Nf6 5. Nbd2 Be7 6. Be2 Nh5 7. Bg3 d6 8. 0-0 Nxg3 9. hxg3 Nd7 10. c3 h5 11. e4 h4 12. g4 Nf6 13. Ng5 Ng8 14. Nh3 Nf6 15. Bd3 e5 16. Qe2 Nd7 17. f4 exf4 18. Rxf4 Bg5 19. Rf5 Bxd2 20. Qxd2 Qe7 21. Qe2 0-0-0 22. Ba6 Bxa6 23. Qxa6+ Kb8 24. Re1 Nf6 25. Qe2 Rde8 26. Qf3 Nxe4 27. Rxf7 Qe6 28. Rf4 Nd2 29. Rxe6 Nxf3+ 30. gxf3 Rxe6 31. g5 Re2 32. Rf7 Rxb2 33. Re7 Rxa2 34. f4 g6 35. Re6 a5 36. f5 gxf5 37. g6 Rg8 38. Nf4 a4 39. Re7 a3 40. g7 Rb2 0-1

[Event "Navarra-chT"]
[Site "Navarra"]
[Date "2016.11.12"]
[Round "6.3"]
[White "Garrido Lasheras, David"]
[Black "Leranoz Zabalza, Adrian"]
[Result "0-1"]
[WhiteElo "2059"]
[BlackElo "2066"]
[PlyCount "100"]
[EventDate "2016.10.08"]
[EventType "team-tourn"]
[EventRounds "7"]
[EventCountry "ESP"]
[SourceTitle "CBM 175 Extra"]
[Source "ChessBase"]
[SourceDate "2016.12.12"]
[SourceVersion "1"]
[SourceVersionDate "2016.12.12"]
[SourceQuality "1"]
[WhiteTeam "Santa Ana Siglo 21"]
[BlackTeam "Paz de Ziganda"]
[WhiteTeamCountry "ESP"]
[BlackTeamCountry "ESP"]

1. d4 d5 2. Bf4 Bg4 3. h3 Bh5 4. Nf3 Nc6 5. e3 e6 6. c4 Bb4+ 7. Nc3 Qd7 8. a3 Bxc3+ 9. bxc3 Nf6 10. Qc2 Bg6 11. Qb2 0-0 12. Nh4 Na5 13. Nxg6 hxg6 14. Qb4 Nxc4 15. Bxc4 dxc4 16. Qxc4 Qd5 17. Qxd5 Nxd5 18. Kd2 b5 19. Rhb1 a6 20. a4 c6 21. Bd6 Rfd8 22. Bc5 e5 23. Ra2 exd4 24. cxd4 f5 25. Rba1 b4 26. a5 Rab8 27. Rb2 Rb5 28. Kc2 Kf7 29. Ra4 Rdb8 30. Rb3 g5 31. Kd3 Kg6 32. Kc4 Kf6 33. Bd6 R8b7 34. f4 Ke6 35. Be5 gxf4 36. exf4 g6 37. Ra1 Nc3 38. Kd3 Kd5 39. Bf6 Ne4 40. Bd8 c5 41. dxc5 Nxc5+ 42. Kc2 Kc4 43. Rg3 Rd7 44. Bb6 Ne4 45. Rxg6 Rd2+ 46. Kc1 Rbd5 47. Rc6+ Kb5 48. Rc2 b3 49. Rxd2 Rxd2 50. Rb1 Rc2+ 0-1

[Event "Navarra-chT"]
[Site "Navarra"]
[Date "2016.11.05"]
[Round "5.4"]
[White "Urriza Iricibar, Pablo"]
[Black "Garrido Lasheras, David"]
[Result "0-1"]
[WhiteElo "2170"]
[BlackElo "2059"]
[PlyCount "44"]
[EventDate "2016.10.08"]
[EventType "team-tourn"]
[EventRounds "7"]
[EventCountry "ESP"]
[SourceTitle "CBM 175 Extra"]
[Source "ChessBase"]
[SourceDate "2016.12.12"]
[SourceVersion "1"]
[SourceVersionDate "2016.12.12"]
[SourceQuality "1"]
[WhiteTeam "Orvina"]
[BlackTeam "Santa Ana Siglo 21"]
[WhiteTeamCountry "ESP"]
[BlackTeamCountry "ESP"]

1. e4 b6 2. d4 Bb7 3. Bd3 e6 4. Nf3 Nf6 5. e5 Ne4 6. 0-0 Be7 7. Ne1 f5 8. f3 Ng5 9. Bxg5 Bxg5 10. f4 Be7 11. Be2 Nc6 12. c3 Qc8 13. g4 g6 14. gxf5 gxf5 15. Bh5+ Kf8 16. Nf3 Ba6 17. Rf2 Rg8+ 18. Kh1 Kg7 19. Qg1+ Kh6 20. Qd1 Qf8 21. Ne1 Bh4 22. Rf3 Qg7 0-1

[Event "Navarra-chT"]
[Site "Navarra"]
[Date "2016.10.08"]
[Round "1.2"]
[White "Flores Lazcoz, Jose Luis"]
[Black "Garrido Lasheras, David"]
[Result "0-1"]
[WhiteElo "1789"]
[BlackElo "2059"]
[PlyCount "70"]
[EventDate "2016.10.08"]
[EventType "team-tourn"]
[EventRounds "7"]
[EventCountry "ESP"]
[SourceTitle "CBM 175 Extra"]
[Source "ChessBase"]
[SourceDate "2016.12.12"]
[SourceVersion "1"]
[SourceVersionDate "2016.12.12"]
[SourceQuality "1"]
[WhiteTeam "Arrano Elkartea"]
[BlackTeam "Santa Ana Siglo 21"]
[WhiteTeamCountry "ESP"]
[BlackTeamCountry "ESP"]

1. d4 b6 2. Nf3 Bb7 3. e3 e6 4. Bd3 Nf6 5. c3 c5 6. 0-0 Be7 7. Nbd2 0-0 8. Re1 d6 9. Qc2 Nc6 10. b3 Rc8 11. dxc5 bxc5 12. Bb2 h6 13. Ne4 d5 14. Nxf6+ Bxf6 15. Qe2 e5 16. Red1 Qc7 17. Ba6 e4 18. Ne1 Ne5 19. Bxb7 Qxb7 20. Qc2 c4 21. b4 Rfd8 22. a4 Qc7 23. Ra2 Ng4 24. g3 Ne5 25. Qe2 Qd7 26. Kg2 Qf5 27. f3 exf3+ 28. Nxf3 Qe4 29. Rd4 Qxf3+ 30. Qxf3 Nxf3 31. Kxf3 Bxd4 32. exd4 Rc6 33. b5 Rf6+ 34. Kg2 a6 35. Ba3 Ra8 0-1

[Event "Navarra-chTA"]
[Site "Pamplona"]
[Date "2015.10.10"]
[Round "1.5"]
[White "Garrido Lasheras, David"]
[Black "Rodriguez Montes, Sostenes"]
[Result "1-0"]
[WhiteElo "2013"]
[BlackElo "1805"]
[PlyCount "81"]
[EventDate "2015.10.10"]
[EventType "team-tourn"]
[EventRounds "7"]
[EventCountry "ESP"]
[SourceTitle "CBM 169 Extra"]
[Source "ChessBase"]
[SourceDate "2015.12.18"]
[SourceVersion "1"]
[SourceVersionDate "2015.12.18"]
[SourceQuality "1"]
[WhiteTeam "Santa Ana"]
[BlackTeam "Runa"]
[WhiteTeamCountry "ESP"]
[BlackTeamCountry "ESP"]

1. d4 d5 2. Bg5 Nf6 3. Bxf6 exf6 4. e3 Bb4+ 5. Nd2 Bf5 6. c3 Be7 7. Qb3 b6 8. g3 c6 9. Bg2 0-0 10. Ne2 a5 11. a4 Na6 12. 0-0 Bd3 13. Rfe1 b5 14. axb5 Bxb5 15. e4 Rb8 16. Qa2 Nc7 17. exd5 cxd5 18. Nf4 Bc6 19. Re3 a4 20. Rae1 Bd6 21. Nxd5 Bd7 22. Nxc7 Qxc7 23. Bd5 Rb5 24. c4 Bb4 25. cxb5 Bxd2 26. Qxa4 Bxe3 27. fxe3 Rb8 28. Qc4 Qxc4 29. Bxc4 Bxb5 30. b3 Kf8 31. Kf2 Ke7 32. g4 g6 33. h4 g5 34. hxg5 fxg5 35. Rh1 Be8 36. Rh5 Kf6 37. Rxh7 Ra8 38. e4 Ra2+ 39. Ke3 Rg2 40. e5+ Kg6 41. Bd3+ 1-0

[Event "Alfaro op 20th"]
[Site "Alfaro"]
[Date "2014.02.21"]
[Round "3"]
[White "Rodenas Perez, Marta"]
[Black "Garrido Lasheras, David"]
[Result "0-1"]
[WhiteElo "1440"]
[BlackElo "2030"]
[PlyCount "50"]
[EventDate "2014.02.07"]
[EventType "swiss"]
[EventRounds "6"]
[EventCountry "ESP"]
[SourceTitle "EXT 2019"]
[Source "ChessBase"]
[SourceDate "2018.10.10"]
[SourceVersion "1"]
[SourceVersionDate "2018.10.10"]
[SourceQuality "1"]

1. d4 e6 2. c4 c5 3. e3 Nf6 4. Nc3 cxd4 5. exd4 d5 6. Nf3 Bb4 7. Bd2 0-0 8. Ne5 dxc4 9. Be3 Nd5 10. Bd2 Bxc3 11. Bxc3 b5 12. Qd2 a5 13. a3 Qb6 14. Be2 Bb7 15. b4 cxb3 16. Bb2 Rc8 17. Bd3 b4 18. a4 Nc3 19. f3 g6 20. Qe3 Rd8 21. Ng4 Qxd4 22. Qg5 Qxd3 23. Bxc3 Qxc3+ 24. Kf2 Qd2+ 25. Kg3 Qxg5 0-1

[Event "Alfaro op 20th"]
[Site "Alfaro"]
[Date "2014.02.07"]
[Round "1"]
[White "Pinilla Alvarez, Jose Carlos"]
[Black "Garrido Lasheras, David"]
[Result "0-1"]
[WhiteElo "1237"]
[BlackElo "2030"]
[PlyCount "50"]
[EventDate "2014.02.07"]
[EventType "swiss"]
[EventRounds "6"]
[EventCountry "ESP"]
[SourceTitle "EXT 2019"]
[Source "ChessBase"]
[SourceDate "2018.10.10"]
[SourceVersion "1"]
[SourceVersionDate "2018.10.10"]
[SourceQuality "1"]

1. d4 Nf6 2. Nf3 g6 3. e3 Bg7 4. Bd3 d6 5. 0-0 0-0 6. Re1 Nbd7 7. c4 e5 8. dxe5 dxe5 9. e4 Nc5 10. Nxe5 Nfxe4 11. Bf4 Nxf2 12. Kxf2 Bxe5 13. Bxe5 Nxd3+ 14. Kg1 Nxe1 15. Qxe1 Re8 16. Na3 f6 17. Rd1 Qe7 18. Qg3 Qxe5 19. Qf3 Bg4 20. Qd5+ Qxd5 21. Rxd5 Rad8 22. Nb5 c6 23. Rxd8 Rxd8 24. Nc7 Rc8 25. h3 Bd7 0-1

[Event "Navarra-chT Preferente"]
[Site "Navarra"]
[Date "2012.11.03"]
[Round "4.4"]
[White "Zaro Garde, Francisco Javier"]
[Black "Garrido Lasheras, David"]
[Result "0-1"]
[WhiteElo "1824"]
[BlackElo "2008"]
[PlyCount "70"]
[EventDate "2012.10.13"]
[EventType "team"]
[EventRounds "7"]
[EventCountry "ESP"]
[SourceTitle "EXT 2014"]
[Source "ChessBase"]
[SourceDate "2013.11.20"]
[SourceVersion "1"]
[SourceVersionDate "2013.11.20"]
[SourceQuality "1"]
[WhiteTeam "Runa"]
[BlackTeam "Santa Ana"]
[WhiteTeamCountry "ESP"]
[BlackTeamCountry "ESP"]

1. Nf3 d5 2. b3 Nf6 3. Bb2 c5 4. e3 e6 5. Nc3 Nc6 6. Be2 Be7 7. 0-0 0-0 8. d4 cxd4 9. exd4 a6 10. Re1 b5 11. Bd3 Bb7 12. Ne2 Nb4 13. Nf4 Qc7 14. Ne5 Rac8 15. c3 Nxd3 16. Nfxd3 a5 17. Rc1 Qb6 18. Re3 Rc7 19. Qe1 Rfc8 20. Nf4 Bd6 21. Kh1 b4 22. c4 dxc4 23. Nxc4 Qa6 24. Nd3 Be7 25. Re5 Bd5 26. Rxd5 Nxd5 27. f3 h6 28. Rd1 Rxc4 29. bxc4 Rxc4 30. Ne5 Rc2 31. Bc1 Qe2 32. Qxe2 Rxe2 33. Bd2 Nc3 34. Bxc3 bxc3 35. Rc1 Ba3 0-1